000 00891nam a2200265 i 4500
003 DO-SdBNP
005 20231109091145.0
007 ta
008 110413s1996 dr 000 j spa d
040 _aDO-SdBNP
_bspa
_cBNPHU
_erda
082 _222
110 1 _aAcción para la Educación Básica (EDUCA)
_982994
245 1 0 _aRecursos humanos :
_bla clave del desarrollo y de la competitividad /
_cpresentación Gustavo A. Tavares
264 1 _aSanto Domingo :
_bEDUCA,
_c1996.
300 _a24 páginas
_c21 cm.
336 _2rdacontent
_atexto
_btxt
337 _2rdamedia
_asin mediación
_bn
338 _2rdacarrier
_avolumen
_bnc
500 _aEn el año internacional para la erradicación de la pobreza.
504 _aBibliografía p: 24
590 _aInventariado, 2023/ YL
700 _aTavares, Gustavo A.
_epresentación
_984608
910 _aYLockward
942 _2ddc
_cLF2
999 _c55434
_d55434